Non-Indian Casino US States Quiz Stats

 Plays Quiz not verified by Sporcle

Challenge
Share
Tweet
Embed
Score 0/19 Timer 05:00
0 Plays Today
% Correct
Indiana
89.7%
New Hampshire
89.7%
West Virginia
89.7%
Delaware
86.2%
Hawaii
86.2%
Maryland
86.2%
New Jersey
82.8%
Vermont
82.8%
Virginia
82.8%
Illinois
79.3%
% Correct
Kentucky
79.3%
Ohio
79.3%
Utah
79.3%
Georgia
75.9%
Massachusetts
75.9%
Rhode Island
75.9%
South Carolina
75.9%
Tennessee
75.9%
Arkansas
72.4%

You're not logged in!

Compare scores with friends on all Sporcle quizzes.
Join for Free
OR
Log In

You Might Also Like...

Show Comments

Extras

Top Quizzes Today


Score Distribution

Your Account Isn't Verified!

In order to create a playlist on Sporcle, you need to verify the email address you used during registration. Go to your Sporcle Settings to finish the process.

Report this User

Report this user for behavior that violates our Community Guidelines.

Details: